000 00809nam a22002297a 4500
999 _c1718
_d1718
003 AR-CdUCM
008 190227b ||||| |||| 00| 0 spa d
040 _aMUNICIPALIDAD PROVINCIAL DEL CUSCO
_cBIBLIOTECA MUNICIPAL DEL CUSCO
082 _a869.5 /
_bB35
100 _aBeltrán Guerrero, Luis
_96347
245 _aSecretos en fuga /
260 _aCaracas;
_bMinisterio de Educación Dirección de Cultura y Bellas Artes,
_c1954.
300 _a127 páginas ;
_c17 cm.
505 _aHuella en el agua - Cofia en la tierra - Signo en el aire - Leño en el fuego - Gracia en el verbo...
650 _aLiteratura.
_983
650 _aPoesía.
_9139
650 _aVenezuela.
_92312
650 _aPoesía Latinoamericana.
_92147
650 _aPoemario.
_91041
942 _2ddc
_cLIBROS
945 _admma
_d2019-02-27